000
00320nam a22001337a 4500
008
170529b xxu||||| |||| 00| 0 eng d
020
_a
0966051084
041
_a
eng
080
_2
14TH
_a
615
100
_a
05
101
_a
SHM
245
_a
THE MEDICAL LETTER ON DRUGS AND THERAPEUTICS
_c
ABRAMOWICZ, M
942
_2
udc
_c
BK
999
_c
14983
_d
14983